000 00297nam a22001337a 4500
008 170726b xxu||||| |||| 00| 0 eng d
020 _a0131990357
041 _aeng
080 _22ND
_a004
100 _a30
101 _aSHK
245 _aDECISION SUPPORT SYSTEMS
_cSPRAGUE,R.H
942 _2udc
_cBK
999 _c21935
_d21935